000 00739nam a22002297a 4500
999 _c13519
_d13519
003 AR-CdUCM
008 190415b ||||| |||| 00| 0 spa d
040 _aMUNICIPALIDAD PROVINCIAL DEL CUSCO
_cBIBLIOTECA MUNICIPAL DEL CUSCO
082 _a051 /
_bS99 / 1915
100 _aS. H. F.
_931963
245 _aVariedades /
260 _aLima :
_c1915.
300 _a1650 paginas ;
_c29 cm.
505 _aContenido : La semana política -- La semana cómica -- La nueva municipalidad de Lima -- El crimen del Callao -- De provincias...
650 _aVariedades
_931964
650 _aPerú
_935
650 _aHistoria
_9136
650 _aAmenidades
_931965
650 _aCaricaturas
_913471
942 _2ddc
_cPP
945 _awnts
_d2019-04-15